000 00297nam a2200121Ia 4500
005 20251222140025.0
008 251222s1900||||xx |||||||||||||| ||spa||
082 _a199/S18
100 _aAugusto Salazar Bondy
245 0 _aAmérica Latina: Filosofía y liberación
264 _bBonum
942 _cLIB
999 _c2762
_d2762